000 00912cab a2200253 4500
001 WB3321-29
008 090401t1997 xxu||||| |||| 00| 0 eng d
035 _a(Sirsi) u78589
041 _aeng
245 _aInterpreting tenant`s notice on landlord
260 _c1997
350 _a0
490 _aTimes
_v26 May 1997, 39(1)
520 _a"Mannai Investment Co Ltd v Eagle Star Life Assurance Co Ltd" HL 21 May 1997. Where a tenant served a notice under a break clause in a lease, the purpose was clearly to inform the landlord that the tenant intended to determine the lease.
650 _aCAR PARK
650 _aDETERMINATION OF LEASE
650 _aLEASES
650 _aMANNAI INVESTMENT CO LTD V EAGLE STAR LIFE ASSURANCE CO LTD UK
650 _aNOTICE TO TERMINATE
650 _aTIME LIMITS
690 _aLANDLORD AND TENANT-CASE LAW-BUSINESS TENANCIES
942 _n0
948 _c28/05/1997
999 _c49422
_d49422